جولة بين كتب غريبة / (رقم التسجيلة. 87665)

تفاصيل مارك
000 -الفاتح
عناصر البيانات ثابتة الطول 00810cam a2200217 i 4500
005 - تاريخ ووقت آخر معاملة
حقل ضبط 20251108172744.0
008 - عناصر البيانات ثابتة الطول
عناصر البيانات ثابتة الطول 250721s1995 ie gr 000 0 ara d
082 14 - رقم تصنيف ديوي العشري
رقم التصنيف 011.44
رقم المادة ي و س
100 1# - مدخل رئيسي – اسم شخصي
الاسم الشخصي يوسف، محمد خير رمضان
علاقة الشخص بالعمل/ دوره مؤلف.
245 10 - بيان العنوان
العنوان جولة بين كتب غريبة /
بيان المسؤولية محمد خير رمضان يوسف.
250 ## - بيان الطبعة
بيان الطبعة الطبعة الثانية.
264 31 - بيانات النشر، التوزيع…إلخ
مكان النشر، التوزيع...إلخ بيروت :
اسم الناشر، الموزع...إلخ دار ابن حزم للطباعة والنشر والتوزيع،
تاريخ النشر، التوزيع...إلخ 1995.
300 ## - الوصف المادي
عدد الوحدات المكونة للوعاء 111صفحة.
490 0# - بيان السلسلة
عنوان السلسلة الكتب النادرة ؛
رقم الوعاء في السلسلة رقم 1.
650 17 - مدخل إضافي بالموضوع - مصطلح موضوعي
مصطلح موضوعي أو اسم جغرافي كعنصر مدخل الببليوغرافيات.
650 17 - مدخل إضافي بالموضوع - مصطلح موضوعي
مصطلح موضوعي أو اسم جغرافي كعنصر مدخل الكتب القديمة.
650 17 - مدخل إضافي بالموضوع - مصطلح موضوعي
مصطلح موضوعي أو اسم جغرافي كعنصر مدخل الكتب النادرة.
830 #0 - مدخل إضافي بالسلسلة-عنوان مقنن
عنوان السلسسلة الكتب النادرة .
942 ## - بيانات إضافية (كوها)
نوع التنصيف Dewey Decimal Classification
نوع المادة (كوها) كتب
المقتنيات
حالة السحب حالة الفقدان مصدر التصنيف حالة التلف غير قابل للإعارة المكتبة الرئيسية المكتبة الحالية موقع الرف تاريخ التزويد الرقم المتسلسل Total Checkouts رقم الإستدعاء الباركود تاريخ آخر ظهور تاريخ الفاتورة نوع المادة (كوها)
    Dewey Decimal Classification   Not For Loan المكتبة المركزية المكتبة المركزية الإعارة 13/07/2004 929734   011.44/يوس 929734 28/07/2025 13/07/2004 كتب
    Dewey Decimal Classification     المكتبة المركزية المكتبة المركزية الإعارة 28/07/2025 471650   011.44 / ي و س 471650 28/07/2025 28/07/2025 كتب
Implemented & Customized by: BBB with SCIT (Smart Chains for Information Technology)

Powered by Koha